[Event "Gaylord (NMO/3/5)"]
[Site "?"]
[Date "1995.??.??"]
[Round "?"]
[White "Helle, Frank"]
[Black "LaMar, Frank"]
[Result "0-1"]
[WhiteElo "2010"]
[BlackElo "2170"]
[PlyCount "74"]
[EventDate "1995.??.??"]

{3/(5)} 1. d4 d5 2. c4 c6 3. cxd5 cxd5 4. Nc3 Nf6 5. Nf3 Nc6 6. Bf4 Nh5 7. e3
Nxf4 8. exf4 e6 9. Be2 Be7 10. O-O O-O 11. Qd2 Bd7 12. a3 Rc8 13. Rac1 Na5 14.
Qc2 b5 15. Ne5 Be8 16. b4 Nc4 17. Qa2 f6 18. Nd3 a5 19. Nc5 Bxc5 20. bxc5 e5
21. fxe5 fxe5 22. Bg4 Bd7 23. Bxd7 Qxd7 24. dxe5 Rxc5 25. Rcd1 Re8 26. Ne4 Rc6
27. Nc3 Rxe5 28. Nxb5 Qe7 29. a4 Rh6 30. Nd4 Reh5 31. Nf3 Rxh2 32. Nxh2 Qh4 33.
f3 Qxh2+ 34. Kf2 Rg6 35. Rg1 Qg3+ 36. Kf1 Re6 37. Qa1 Ne3+ 0-1

[Event "Gaylord (NMO/2/3)"]
[Site "?"]
[Date "1995.??.??"]
[Round "?"]
[White "Helle, Frank"]
[Black "Kreger, David"]
[Result "1/2-1/2"]
[WhiteElo "2010"]
[BlackElo "1620"]
[PlyCount "66"]
[EventDate "1995.??.??"]

{2/(3)} 1. d4 Nf6 2. c4 e6 3. Nc3 Bb4 4. Qc2 d6 5. Bg5 c5 6. dxc5 Bxc5 7. e3
O-O 8. Bd3 h6 9. Bh4 Nc6 10. a3 Ne5 11. Be2 Ng6 12. Bg3 a5 13. Bf3 Qe7 14. Nge2
Ne5 15. Bxe5 dxe5 16. O-O Nh7 17. Ng3 Ng5 18. Be2 Bd7 19. Nce4 Bc6 20. Rfd1 a4
21. Bf1 Rac8 22. Nxg5 Qxg5 23. Rac1 f5 24. Qe2 e4 25. Qh5 Qxh5 26. Nxh5 e5 27.
Ng3 f4 28. exf4 exf4 29. Ne2 g5 30. Nd4 Bd7 31. h3 Rfd8 32. Be2 Bxh3 33. gxh3
Bxd4 1/2-1/2

[Event "Gaylord (NMO/5/6)"]
[Site "?"]
[Date "1995.??.??"]
[Round "?"]
[White "Helle, Frank"]
[Black "Jones, W."]
[Result "1-0"]
[WhiteElo "2010"]
[BlackElo "1605"]
[PlyCount "63"]
[EventDate "1995.??.??"]

{5/(6)} 1. d4 d5 2. c4 e5 3. e3 Nc6 4. cxd5 Qxd5 5. Nc3 Bb4 6. Bd2 Bxc3 7. Bxc3
Nf6 8. dxe5 Qxd1+ 9. Rxd1 Ne4 10. Bd4 O-O 11. Bd3 Ng5 12. f4 Ne6 13. Bc3 Nc5
14. Bc2 Be6 15. b3 Rad8 16. Nf3 Rxd1+ 17. Kxd1 Rd8+ 18. Ke2 Bd5 19. Rd1 Bxf3+
20. Kxf3 Rxd1 21. Bxd1 Ne6 22. g4 g6 23. Bc2 Ng7 24. Be4 Nd8 25. h3 b6 26. Bd3
Nde6 27. e4 h5 28. f5 Ng5+ 29. Kg3 Kh7 30. h4 Kh6 31. hxg5+ Kxg5 32. Bd2# 1-0

[Event "Eastpointe (MCO/2/40)"]
[Site "?"]
[Date "1995.??.??"]
[Round "?"]
[White "Haygood, Norman"]
[Black "Young, L."]
[Result "1-0"]
[WhiteElo "1605"]
[BlackElo "1605"]
[PlyCount "83"]
[EventDate "1995.??.??"]

{2/(40)} 1. e4 c6 2. c4 d5 3. cxd5 cxd5 4. exd5 Qxd5 5. Nc3 Qa5 6. d4 e5 7.
dxe5 Qxe5+ 8. Qe2 Nd7 9. Nf3 Qxe2+ 10. Bxe2 Ngf6 11. O-O Bc5 12. Bc4 O-O 13.
Bf4 Re8 14. Ng5 Re7 15. Rae1 h6 16. Rxe7 Bxe7 17. Nxf7 Kf8 18. Nd6 Nc5 19. Nd5
Nxd5 20. Bxd5 Be6 21. Bxe6 Nxe6 22. Bg3 Nc5 23. Rc1 Rd8 24. Rxc5 Bxd6 25. Rd5
Ke7 26. Bxd6+ Rxd6 27. Rxd6 Kxd6 28. f4 b5 29. Kf2 Kd5 30. Ke3 Kc4 31. g4 a5
32. h4 a4 33. g5 b4 34. gxh6 gxh6 35. Ke4 a3 36. bxa3 bxa3 37. f5 Kc3 38. f6
Kb2 39. f7 Kxa2 40. f8=Q Kb2 41. Qb4+ Ka2 42. Kd3 1-0

[Event "Eastpointe (MCO/1/20)"]
[Site "?"]
[Date "1995.??.??"]
[Round "?"]
[White "Haygood, Norman"]
[Black "Walker, LeRoy"]
[Result "0-1"]
[WhiteElo "1605"]
[BlackElo "1900"]
[PlyCount "92"]
[EventDate "1995.??.??"]

{1/(20)} 1. e4 c5 2. Nf3 Nc6 3. d4 cxd4 4. Nxd4 g6 5. c4 Bg7 6. Nb5 Nh6 7. Be2
O-O 8. O-O d6 9. N5c3 Nd4 10. Be3 Nxe2+ 11. Qxe2 Ng4 12. h3 Nxe3 13. Qxe3 Be6
14. Qe2 Qb6 15. a4 Rfc8 16. Nd5 Bxd5 17. exd5 Qxb2 18. Nd2 Qe5 19. Qd3 Qf5 20.
Qxf5 gxf5 21. Ra2 Bh6 22. Rc1 Bxd2 23. Rxd2 Rc5 24. Rb2 b6 25. Rb5 Rac8 26.
Rxc5 Rxc5 27. Kf1 Ra5 28. Ra1 a6 29. Rb1 Rxa4 30. Rxb6 Rxc4 31. Rxa6 Rc5 32.
Ra8+ Kg7 33. Re8 Kf6 34. Rh8 Rxd5 35. Rxh7 Ra5 36. Rh8 d5 37. Ke2 e5 38. Rh6+
Ke7 39. g3 Ra2+ 40. Ke3 d4+ 41. Kf3 e4+ 42. Kg2 e3 43. Kf1 e2+ 44. Ke1 d3 45.
Rb6 Ra1+ 46. Kd2 Rd1+ 0-1

[Event "Eastpointe (MCO/5/24)"]
[Site "?"]
[Date "1995.??.??"]
[Round "?"]
[White "Haygood, Norman"]
[Black "Schell, Ken"]
[Result "0-1"]
[WhiteElo "1605"]
[BlackElo "1705"]
[PlyCount "112"]
[EventDate "1995.??.??"]

{5/(24)} 1. e4 d5 2. exd5 Nf6 3. Bb5+ Bd7 4. Bc4 Bg4 5. f3 Bf5 6. Nc3 Nbd7 7.
d4 Nb6 8. Bb3 Nbxd5 9. Nge2 e6 10. Bg5 Be7 11. Nxd5 Nxd5 12. Bxe7 Qxe7 13. O-O
Ne3 14. Qd2 Nxf1 15. Rxf1 O-O 16. c3 Rfd8 17. Qe3 c6 18. Ng3 Re8 19. Re1 Bg6
20. f4 Kf8 21. Qe5 Rad8 22. a3 Qd6 23. Qe3 b6 24. Rd1 a6 25. Qf2 Qc7 26. Rf1
Re7 27. f5 exf5 28. Nxf5 Bxf5 29. Qxf5 Kg8 30. Bc2 g6 31. Qf2 c5 32. Bb3 cxd4
33. cxd4 Rde8 34. Ba2 Qd7 35. h3 Rd8 36. Rd1 Qc7 37. Rf1 Rdd7 38. Rd1 Re4 39.
Kh1 Qf4 40. Qxf4 Rxf4 41. d5 Rf2 42. Rb1 b5 43. Kg1 Rd2 44. Kh2 Re7 45. Kg3
Ree2 46. Kf3 Rxb2 47. Rd1 Rxa2 48. d6 Red2 49. Rxd2 Rxd2 50. d7 Rxd7 51. Ke4
f5+ 52. Ke5 Rd3 53. Ke6 Rxa3 54. Kd6 b4 55. Kc5 a5 56. Kc4 Rc3+ 0-1

[Event "East Lansing (MOR/7/10)"]
[Site "?"]
[Date "1995.??.??"]
[Round "?"]
[White "Hayes, P."]
[Black "Walquist, Elaine"]
[Result "1/2-1/2"]
[WhiteElo "1605"]
[BlackElo "1710"]
[PlyCount "52"]
[EventDate "1995.??.??"]

{7/(10)} 1. e4 c6 2. d4 d5 3. Nd2 dxe4 4. Nxe4 Nf6 5. Nxf6+ gxf6 6. Nf3 Bg7 7.
Be3 Be6 8. Qd2 Nd7 9. Bh6 Bxh6 10. Qxh6 Nf8 11. Bd3 Qa5+ 12. c3 O-O-O 13. O-O
Qc7 14. Rae1 Bg4 15. Nh4 Ng6 16. Bf5+ Bxf5 17. Nxf5 e6 18. Nh4 Rdg8 19. Re3
Nxh4 20. Qxh4 f5 21. Rg3 Rxg3 22. fxg3 Qd8 23. Qxd8+ Kxd8 24. Kf2 Rg8 25. Kf3
Ke7 26. h3 h5 1/2-1/2

[Event "East Lansing (MOR/2/2)"]
[Site "?"]
[Date "1995.??.??"]
[Round "?"]
[White "Hayes, P."]
[Black "Rotberg, Victor"]
[Result "0-1"]
[WhiteElo "1605"]
[BlackElo "1795"]
[PlyCount "77"]
[EventDate "1995.??.??"]

{2/(2)} 1. e4 c5 2. Nf3 d6 3. d4 cxd4 4. Nxd4 Nf6 5. Nc3 a6 6. Be2 Qc7 7. Be3
e5 8. Nf5 Bxf5 9. exf5 Be7 10. O-O Nc6 11. Nd5 Nxd5 12. Qxd5 O-O 13. c3 Bf6 14.
Rad1 Rad8 15. Qb3 b5 16. g4 Na5 17. Qd5 h6 18. b3 Nc6 19. Bf3 Ne7 20. Qb7 Qxc3
21. Qxa6 d5 22. Bg2 Qb4 23. h3 e4 24. Bxh6 Ra8 25. Bd2 Qc5 26. b4 Qc4 27. Qd6
Rfd8 28. Qf4 Rxa2 29. g5 Bc3 30. Bxc3 Qxc3 31. Qxe4 dxe4 32. Rxd8+ Kh7 33. Bxe4
Qxh3 34. f6+ Ng6 35. Rd3 Qg4+ 36. Bg2 Nf4 37. Rg3 Ne2+ 38. Kh1 Nxg3+ 39. fxg3
0-1

[Event "East Lansing (MOR/4/13)"]
[Site "?"]
[Date "1995.??.??"]
[Round "?"]
[White "Hayes, P."]
[Black "Falkowski, Kenneth"]
[Result "1-0"]
[WhiteElo "1605"]
[BlackElo "1735"]
[PlyCount "67"]
[EventDate "1995.??.??"]

{4/(13)} 1. e4 d6 2. d4 Nf6 3. Nc3 c6 4. Nf3 Bg4 5. Be2 Nbd7 6. Bd2 Bh5 7. e5
Bxf3 8. exf6 Bxe2 9. fxg7 Bxd1 10. gxh8=Q Bxc2 11. Bh6 Qb6 12. Bxf8 Nxf8 13.
O-O O-O-O 14. Qg7 Bg6 15. Qh6 Qxd4 16. Rad1 Qg4 17. Qe3 Ne6 18. Qxa7 Nf4 19.
Qa8+ Kc7 20. Nb5+ cxb5 21. Rc1+ Kd7 22. Qxb7+ Ke8 23. Rc7 Kf8 24. Rxe7 d5 25.
g3 Ne2+ 26. Kg2 Be4+ 27. f3 Nf4+ 28. Kg1 Ne2+ 29. Kf2 Bxf3 30. Rxf7+ Kg8 31.
Rxf3 Qd4+ 32. Kg2 Kh8 33. Rf8+ Rxf8 34. Rxf8# 1-0

[Event "East Lansing (MOR/5/8)"]
[Site "?"]
[Date "1995.??.??"]
[Round "?"]
[White "Hayes, P."]
[Black "Coats, B."]
[Result "1-0"]
[WhiteElo "1605"]
[BlackElo "1735"]
[PlyCount "95"]
[EventDate "1995.??.??"]

{5/(8)} 1. e4 d6 2. d4 Nf6 3. Nc3 g6 4. Be2 Bg7 5. Be3 Nbd7 6. Nf3 O-O 7. O-O
e5 8. Bg5 h6 9. Bh4 c6 10. Qd2 exd4 11. Qxd4 Qc7 12. Qd2 Re8 13. Bg3 Bf8 14.
Rad1 Nxe4 15. Nxe4 Rxe4 16. Rfe1 Re6 17. Nd4 Re8 18. Bf4 h5 19. Bh6 Nf6 20.
Bxf8 Rxf8 21. Bf3 Bg4 22. h3 Bxf3 23. Nxf3 d5 24. Qh6 Rfe8 25. Nd4 Qd7 26. f4
Ne4 27. f5 Qd6 28. Ne6 fxe6 29. Qxg6+ Kf8 30. Rxe4 Qc5+ 31. Kh1 Qe7 32. Rxe6
Qg7 33. Rxe8+ Rxe8 34. Qd6+ Qe7 35. Qh6+ Qg7 36. Qxh5 Re5 37. Rf1 Qg3 38. Qh6+
Kf7 39. Qf4 Qxf4 40. Rxf4 Re2 41. h4 Rxc2 42. h5 Rxb2 43. h6 Rxa2 44. h7 Kg7
45. f6+ Kxh7 46. f7 Ra4 47. f8=Q Rxf4 48. Qxf4 1-0

[Event "Grand Rapids (MI Am/1/5)"]
[Site "?"]
[Date "1995.??.??"]
[Round "?"]
[White "Hater, David"]
[Black "Smeckert, Dennis"]
[Result "1/2-1/2"]
[WhiteElo "1925"]
[BlackElo "1605"]
[PlyCount "111"]
[EventDate "1995.??.??"]

{1/(5)} 1. e4 e5 2. Nf3 Nc6 3. d4 exd4 4. Bc4 d6 5. O-O Be6 6. Bxe6 fxe6 7.
Nxd4 Qd7 8. Nc3 Nge7 9. Be3 Nxd4 10. Bxd4 e5 11. Be3 g6 12. Bg5 h6 13. Bf6 Rh7
14. Qd2 Qe6 15. Bh4 g5 16. Bg3 O-O-O 17. Qe3 Nc6 18. b4 Nd4 19. Nd5 b6 20. Rfc1
h5 21. f3 Nf5 22. Nxb6+ axb6 23. exf5 Qxf5 24. a4 h4 25. Bf2 Qf4 26. Qd3 Rf7
27. a5 e4 28. Qxe4 Qxe4 29. fxe4 Bg7 30. Ra2 bxa5 31. Rxa5 Be5 32. Be3 g4 33.
Ra8+ Kd7 34. Rxd8+ Kxd8 35. Bg5+ Kd7 36. Bxh4 Bd4+ 37. Kh1 Bc3 38. g3 Bxb4 39.
Kg2 Ke6 40. c3 Bc5 41. Rc2 Be3 42. Re2 Bc1 43. c4 Bh6 44. h3 gxh3+ 45. Kxh3 Rf3
46. Rc2 Re3 47. c5 Rxe4 48. cxd6 cxd6 49. Rc3 Bg7 50. Rd3 Be5 51. g4 Rd4 52.
Re3 Rd1 53. Kg2 Rd4 54. Kf3 Rf4+ 55. Kg3 Re4+ 56. Kf3 1/2-1/2

[Event "Detroit (WCO/3/1)"]
[Site "?"]
[Date "1995.??.??"]
[Round "?"]
[White "Hater, David"]
[Black "Rajlich, Vasik"]
[Result "1-0"]
[WhiteElo "1900"]
[BlackElo "2220"]
[PlyCount "40"]
[EventDate "1995.??.??"]

{3/(1)} 1. e4 c5 2. Nf3 d6 3. c3 Nf6 4. Be2 Nc6 5. d4 cxd4 6. cxd4 Nxe4 7. d5
Qa5+ 8. Nc3 Ne5 9. Nxe5 Nxc3 10. bxc3 Qxc3+ 11. Bd2 Qxe5 12. O-O f6 13. Re1 Qf5
14. Rc1 h5 15. Rc7 Kf7 16. Qa4 g5 17. Bb4 Kg8 18. Qe8 Rh7 19. Rec1 Qf4 20. Rxc8
Qxc1+ 1-0

[Event "Troy (US Am N/1/25)"]
[Site "?"]
[Date "1995.??.??"]
[Round "?"]
[White "Hater, David"]
[Black "Prince, S."]
[Result "1-0"]
[WhiteElo "1900"]
[BlackElo "1605"]
[PlyCount "39"]
[EventDate "1995.??.??"]

{1/(25)} 1. e4 c5 2. Nf3 d6 3. c3 Nc6 4. d4 cxd4 5. cxd4 Nf6 6. Nc3 d5 7. e5
Ne4 8. Bd3 Bf5 9. Qc2 Qa5 10. a3 e6 11. O-O Nxc3 12. Bxf5 Ne2+ 13. Qxe2 exf5
14. Bg5 Be7 15. Bxe7 Nxe7 16. e6 O-O 17. exf7+ Rxf7 18. Qe6 Kf8 19. Ne5 Rf6 20.
Nd7+ 1-0

[Event "Eastpointe (MCO/6/11)"]
[Site "?"]
[Date "1995.??.??"]
[Round "?"]
[White "Hater, David"]
[Black "Pope, Nick"]
[Result "1-0"]
[WhiteElo "1900"]
[BlackElo "1795"]
[PlyCount "69"]
[EventDate "1995.??.??"]

{6/(11)} 1. e4 d5 2. exd5 Qxd5 3. Nc3 Qa5 4. d4 Bf5 5. Nf3 Nf6 6. Bb5+ c6 7.
Bd3 Bg4 8. O-O Qh5 9. Be2 e6 10. h3 Bxf3 11. Bxf3 Qf5 12. Qe2 Bd6 13. Nb5 Ke7
14. Nxd6 Kxd6 15. g4 Qa5 16. Bd2 Qb6 17. c4 Kd7 18. Be3 Qc7 19. Rad1 Kc8 20. d5
Rd8 21. Bg5 e5 22. Rfe1 Nbd7 23. b4 Re8 24. c5 cxd5 25. Bxd5 Nxd5 26. Rxd5 f6
27. Be3 Re7 28. Red1 Kd8 29. Qc4 Kc8 30. b5 a6 31. c6 bxc6 32. bxc6 Nb6 33.
Rd8+ Qxd8 34. Rxd8+ Kxd8 35. Bxb6+ 1-0

[Event "Eastpointe (MCO/4/13)"]
[Site "?"]
[Date "1995.??.??"]
[Round "?"]
[White "Hater, David"]
[Black "Moore, Robert"]
[Result "1-0"]
[WhiteElo "1900"]
[BlackElo "1705"]
[PlyCount "43"]
[EventDate "1995.??.??"]

{4/(13)} 1. e4 c5 2. Nf3 d6 3. c3 Nf6 4. Be2 Nxe4 5. Qa4+ Bd7 6. Qxe4 Bc6 7.
Qh4 Nd7 8. O-O Nf6 9. d4 cxd4 10. Nxd4 Bd7 11. Bg5 e5 12. Nb3 Be7 13. N1d2 h6
14. Rad1 O-O 15. Bxf6 Bxf6 16. Qb4 Qc7 17. Nc4 Bc6 18. Qxd6 Qxd6 19. Rxd6 Rad8
20. Rfd1 Rxd6 21. Rxd6 Rd8 22. Rxd8+ 1-0

[Event "Detroit (MI Team/1/2/3)"]
[Site "?"]
[Date "1995.??.??"]
[Round "?"]
[White "Hater, David"]
[Black "McNeil, Yaking"]
[Result "1-0"]
[WhiteElo "1925"]
[BlackElo "1605"]
[PlyCount "105"]
[EventDate "1995.??.??"]

{1/2} 1. e4 c5 2. Nf3 Nc6 3. d4 cxd4 4. Nxd4 e5 5. Nb5 a6 6. Nd6+ Bxd6 7. Qxd6
Qf6 8. Qd1 Nge7 9. Nc3 O-O 10. Bc4 Qg6 11. O-O b5 12. Bd5 b4 13. Na4 Rb8 14.
Be3 d6 15. Nb6 Nxd5 16. exd5 Bh3 17. Qf3 Bg4 18. Qg3 Ne7 19. h3 Bf5 20. Qxg6
hxg6 21. g4 Bxc2 22. Nd7 Nxd5 23. Nxb8 Rxb8 24. Rac1 Bd3 25. Rfd1 e4 26. Rc6
Nxe3 27. fxe3 d5 28. Rdc1 Kh7 29. Rd6 b3 30. a3 Bc4 31. Kf2 Kh6 32. Kg3 Rf8 33.
Kf4 f6 34. h4 Kh7 35. Rc6 Rd8 36. g5 Rf8 37. gxf6 Rxf6+ 38. Rxf6 gxf6 39. Rg1
Kh6 40. Rh1 Kh5 41. Kg3 Bb5 42. Kf2 Bc4 43. Ke1 Bd3 44. Kd2 Bb5 45. Rg1 Bc4 46.
Kc3 Kh6 47. Rg2 Kh5 48. Kd4 Kh6 49. Rf2 Kg7 50. Rf4 g5 51. hxg5 fxg5 52. Rg4
Kf6 53. Rg2 1-0

[Event "Troy (US Am N/5/15)"]
[Site "?"]
[Date "1995.??.??"]
[Round "?"]
[White "Hater, David"]
[Black "Koernke, R."]
[Result "1-0"]
[WhiteElo "1900"]
[BlackElo "1605"]
[PlyCount "97"]
[EventDate "1995.??.??"]

{5/(15)} 1. e4 c5 2. Nf3 e6 3. d4 cxd4 4. Nxd4 a6 5. Nc3 b5 6. Be3 Bb7 7. Bd3
Qc7 8. Qd2 Nf6 9. f3 Be7 10. g4 Bd6 11. Bxb5 Be7 12. Ba4 O-O 13. O-O-O d6 14.
h4 Nfd7 15. h5 Ne5 16. Bb3 Nbc6 17. Qg2 Na5 18. g5 Nac4 19. Bd2 Nxd2 20. Rxd2
Nc4 21. Rd3 Qc5 22. f4 Rac8 23. g6 e5 24. fxe5 Qxe5 25. gxf7+ Rxf7 26. Kb1 h6
27. Qg6 Bg5 28. Qe6 Qxe6 29. Nxe6 Rd7 30. Nxg5 hxg5 31. Rhd1 Kh7 32. Rd4 Ne5
33. Rxd6 Re7 34. Nd5 Ree8 35. Nb6 Rb8 36. Bd5 Bxd5 37. exd5 g4 38. Nd7 a5 39.
Nxb8 Rxb8 40. Re6 Nd7 41. d6 Rd8 42. c4 g3 43. Rg1 Ne5 44. Rxg3 Nxc4 45. Rc3
Ne5 46. Rc5 Nf7 47. Rxa5 Rxd6 48. Rxd6 Nxd6 49. b4 1-0

[Event "Detroit (WCO/2/4)"]
[Site "?"]
[Date "1995.??.??"]
[Round "?"]
[White "Hater, David"]
[Black "Khraizat, Ali"]
[Result "1-0"]
[WhiteElo "1900"]
[BlackElo "1605"]
[PlyCount "120"]
[EventDate "1995.??.??"]

{2/(4)} 1. e4 e6 2. Nf3 d5 3. Nc3 Bb4 4. exd5 exd5 5. Qe2+ Be7 6. Qb5+ c6 7.
Qb3 Qc7 8. d4 Bf5 9. Ne5 Nd7 10. Bf4 Bd6 11. Nxd7 Bxf4 12. Nc5 Nf6 13. g3 Bh6
14. Qxb7 Qxb7 15. Nxb7 O-O 16. f4 Bxc2 17. Kd2 Be4 18. Rg1 Rab8 19. Ba6 Rfe8
20. Rae1 Re7 21. Na4 Rexb7 22. Bxb7 Rxb7 23. Re3 Rc7 24. Rc3 Bf5 25. Nc5 g6 26.
Re1 Bf8 27. Ke2 Bxc5 28. Rxc5 Bg4+ 29. Kf1 Ne4 30. Ra5 Nd2+ 31. Kf2 Ne4+ 32.
Kg2 Rb7 33. b3 Rb4 34. h3 Be6 35. Rd1 Rb7 36. Rc1 Bd7 37. Ra6 Nd6 38. Rc5 Nb5
39. Ra4 Rc7 40. Rb4 a6 41. a4 Nd6 42. Rb8+ Bc8 43. g4 Kg7 44. b4 Rb7 45. Rxb7
Bxb7 46. Kf3 Kf8 47. Rc1 Ne4 48. f5 g5 49. h4 h6 50. hxg5 hxg5 51. Rh1 Kg7 52.
Ke3 Nc3 53. Ra1 Ne4 54. Rc1 Nd6 55. Kd3 Kg8 56. Rh1 Kg7 57. Rh5 Ne4 58. Ke3 Kf6
59. Rh2 Nc3 60. a5 Ne4 1-0

[Event "Troy (US Am N/3/5)"]
[Site "?"]
[Date "1995.??.??"]
[Round "?"]
[White "Hater, David"]
[Black "Geisleman, Dennis"]
[Result "1/2-1/2"]
[WhiteElo "1900"]
[BlackElo "2080"]
[PlyCount "66"]
[EventDate "1995.??.??"]

{3/(5)} 1. e4 d5 2. exd5 Qxd5 3. Nc3 Qd8 4. d4 Nf6 5. Bf4 c6 6. Nf3 Bf5 7. Bc4
e6 8. O-O Bd6 9. Ne5 Nbd7 10. Re1 O-O 11. Nxc6 bxc6 12. Bxd6 Re8 13. Bg3 Qb6
14. Bb3 Red8 15. Na4 Qa5 16. Bh4 c5 17. Bxf6 gxf6 18. c3 cxd4 19. Qxd4 Nb6 20.
Qh4 Nxa4 21. Bxa4 Rd2 22. Bc6 Rad8 23. b4 Qb6 24. Ba4 Kf8 25. Red1 Ke7 26. Rxd2
Rxd2 27. Qf4 Qd8 28. Bb3 Bc2 29. Bxc2 Rxc2 30. Qf3 Qd2 31. Qb7+ Kf8 32. Qb8+
Kg7 33. Qg3+ Kf8 1/2-1/2

[Event "Detroit (MI Team/4/2/3)"]
[Site "?"]
[Date "1995.??.??"]
[Round "?"]
[White "Hater, David"]
[Black "Feldstein, R."]
[Result "1-0"]
[WhiteElo "1925"]
[BlackElo "2000"]
[PlyCount "199"]
[EventDate "1995.??.??"]

{4/2} 1. e4 Nf6 2. Nc3 d5 3. exd5 Nxd5 4. Bc4 Nb6 5. Bb3 c5 6. d3 N8d7 7. Nf3
g6 8. Bf4 Bg7 9. Nb5 O-O 10. Bc7 Qe8 11. Bxb6 axb6 12. Nc7 Qd8 13. Nxa8 Bxb2
14. Rb1 Bc3+ 15. Nd2 b5 16. O-O Qa5 17. Ne4 Be5 18. Qf3 Qxa8 19. Ng5 Nf6 20. h3
Bf5 21. g4 Bd7 22. Bd5 h6 23. Bxb7 Qxa2 24. Ne4 Qxc2 25. Rfc1 Qa2 26. Nxc5 Be8
27. Ne4 Nh7 28. Qe3 g5 29. Qc5 Bb2 30. Bd5 Qa3 31. Qxa3 Bxa3 32. Rc8 Bd7 33.
Rxf8+ Nxf8 34. Rb3 b4 35. Nc5 Bb5 36. Bc4 Bc6 37. Na6 Ba4 38. Rxb4 Bxb4 39.
Nxb4 Ng6 40. Kg2 Bd1 41. Kg3 Be2 42. Nc6 e5 43. Nd8 Nh8 44. f3 Kf8 45. Kf2 Bd1
46. Ke3 Ke7 47. Nc6+ Kd6 48. Nd8 Ke7 49. Nc6+ Kf6 50. Ke4 Ng6 51. Nd8 Nh4 52.
Nxf7 Nxf3 53. Nxh6 Nd2+ 54. Ke3 Nxc4+ 55. dxc4 Ke6 56. Nf5 Ba4 57. Ng3 Bc6 58.
Ne4 Kf7 59. Nxg5+ Kg6 60. Nf3 Kf6 61. h4 Bd7 62. Nh2 Bc6 63. Nf1 Bd7 64. Kf3
Bc6+ 65. Kg3 Bd7 66. Ne3 Be6 67. g5+ Kg6 68. c5 Bd7 69. Ng4 Kf5 70. Nh6+ Kg6
71. Ng8 Be8 72. Ne7+ Kf7 73. Nf5 Kg6 74. Nd6 Bc6 75. Nc4 Kf5 76. Na5 Bb5 77. c6
Ke6 78. h5 Be2 79. h6 Bd3 80. Nb3 Kd6 81. Na5 Kc7 82. Kf2 Kd6 83. Ke3 Bf5 84.
Nc4+ Kxc6 85. Nxe5+ Kd6 86. g6 Kxe5 87. h7 Bxg6 88. h8=Q+ Kf5 89. Kf3 Kg5 90.
Qe5+ Bf5 91. Kg3 Kg6 92. Kf4 Bb1 93. Qd6+ Kh7 94. Qc7+ Kh6 95. Qb6+ Bg6 96. Qf6
Kh7 97. Kg5 Bb1 98. Qh6+ Kg8 99. Kf6 Bg6 100. Qg7# 1-0

[Event "Eastpointe (MCO/2/1)"]
[Site "?"]
[Date "1995.??.??"]
[Round "?"]
[White "Hater, David"]
[Black "Elieff, K."]
[Result "0-1"]
[WhiteElo "1900"]
[BlackElo "2330"]
[PlyCount "62"]
[EventDate "1995.??.??"]

{2/(1)} 1. e4 c5 2. Nf3 a6 3. c4 e6 4. d4 cxd4 5. Nxd4 Nf6 6. Nc3 Bb4 7. Bd3
Nc6 8. Nxc6 dxc6 9. O-O Bxc3 10. bxc3 O-O 11. e5 Nd7 12. Qh5 g6 13. Qe2 Qa5 14.
Bh6 Qxe5 15. Bxf8 Qxe2 16. Bxe2 Kxf8 17. Rfd1 Ke7 18. Rd2 Nc5 19. Bf3 e5 20.
Re1 f6 21. Red1 Be6 22. Be2 b5 23. Rd6 Rc8 24. cxb5 axb5 25. a3 Ne4 26. R6d3
Nc5 27. Re3 Ra8 28. Ra1 Nb3 29. Ra2 Rd8 30. Rd3 Nd4 31. Rxd4 exd4 0-1

[Event "East Lansing (MOR/1b/23)"]
[Site "?"]
[Date "1995.??.??"]
[Round "?"]
[White "Hartwig, Thomas"]
[Black "Zydeck, B."]
[Result "1-0"]
[WhiteElo "1605"]
[BlackElo "1605"]
[PlyCount "85"]
[EventDate "1995.??.??"]

1. e4 e5 2. Nf3 d6 3. d4 Bg4 4. dxe5 Nc6 5. exd6 Bxd6 6. Be2 Nf6 7. Nc3 Bb4 8.
Qxd8+ Rxd8 9. Bd2 O-O 10. h3 Bh5 11. Bd3 Rd7 12. a3 Ba5 13. e5 Nd5 14. Nxd5
Rxd5 15. Bxa5 Nxa5 16. g4 Bg6 17. Bxg6 hxg6 18. Ke2 f6 19. Rad1 Rfd8 20. Rxd5
Rxd5 21. Rd1 c6 22. Rxd5 cxd5 23. b3 Kf7 24. exf6 gxf6 25. Nd4 f5 26. gxf5 gxf5
27. Nxf5 Nc6 28. Nd6+ Ke7 29. Nxb7 Nd4+ 30. Kd3 Nb5 31. a4 Na3 32. Na5 Ke6 33.
Nc6 Kd6 34. Nxa7 Kc7 35. Nb5+ Kc6 36. Nxa3 Kc5 37. h4 Kd6 38. a5 Kd7 39. h5 Kd8
40. h6 Kc7 41. h7 Kc6 42. h8=Q Kb7 43. Qf6 1-0

[Event "Eastpointe (EDO/3/13)"]
[Site "?"]
[Date "1995.??.??"]
[Round "?"]
[White "Hartwig, Thomas"]
[Black "Wright, Ken"]
[Result "1-0"]
[WhiteElo "1605"]
[BlackElo "1605"]
[PlyCount "115"]
[EventDate "1995.??.??"]

{3/(13)} 1. e4 e5 2. Nf3 Nc6 3. Bc4 Nf6 4. Ng5 d5 5. exd5 Nxd5 6. d4 h6 7. dxe5
hxg5 8. Qxd5 Qxd5 9. Bxd5 Nb4 10. Bb3 Be6 11. Kd1 O-O-O+ 12. Bd2 Bc5 13. Bxe6+
fxe6 14. f3 Rd5 15. a3 Nc6 16. h3 Rhd8 17. Re1 Nxe5 18. b3 Bd4 19. Ra2 Bf2 20.
Re2 Bg3 21. Nc3 R5d7 22. Kc1 Nf7 23. Ne4 Bf4 24. Bxf4 gxf4 25. Rd2 Rxd2 26.
Nxd2 e5 27. Ne4 Nd6 28. Nxd6+ cxd6 29. c4 b6 30. Rd2 Kc7 31. Kc2 Kc6 32. Rd5
Rf8 33. Kd3 Rf5 34. Ke4 Rg5 35. Rd2 a6 36. a4 Rg6 37. b4 b5 38. axb5+ axb5 39.
c5 dxc5 40. Rc2 c4 41. Kxe5 Rf6 42. Ra2 Kb6 43. Rd2 Kc6 44. Rd4 Kc7 45. Rxf4
Rxf4 46. Kxf4 c3 47. Ke3 Kd6 48. Kd3 Kd5 49. Kxc3 Ke5 50. g3 g5 51. f4+ gxf4
52. gxf4+ Kxf4 53. Kd4 Kg3 54. Kc5 Kxh3 55. Kxb5 Kg4 56. Kc6 Kf5 57. b5 Ke6 58.
b6 1-0

[Event "Troy (TCC Res/3/12)"]
[Site "?"]
[Date "1995.??.??"]
[Round "?"]
[White "Hartwig, Thomas"]
[Black "Wright, Ken"]
[Result "1-0"]
[WhiteElo "1605"]
[BlackElo "1605"]
[PlyCount "97"]
[EventDate "1995.??.??"]

{3/(12)} 1. e4 b6 2. d4 Bb7 3. Nc3 d6 4. Bb5+ c6 5. Bd3 Nf6 6. Bg5 Nfd7 7. Nf3
h6 8. Bh4 Nf6 9. O-O e6 10. Qe2 Qd7 11. Bc4 Be7 12. Bb3 Nh7 13. Rad1 g5 14. Bg3
Ba6 15. Bc4 b5 16. Bd3 Nf8 17. d5 e5 18. dxc6 Qxc6 19. Bxb5 Bxb5 20. Qxb5 Ne6
21. Qxc6+ Nxc6 22. Nb5 Rd8 23. Rd2 a6 24. Nc3 h5 25. h4 gxh4 26. Bxh4 f6 27.
Nd5 Kf7 28. Nxe7 Nxe7 29. Rfd1 Nc8 30. Bg3 Nc5 31. Re2 Na4 32. c3 Rhg8 33. Nh4
Rg4 34. Nf5 Ke6 35. f3 Rg6 36. Bf2 Rdg8 37. Be3 Rh8 38. Red2 Rd8 39. c4 Rd7 40.
c5 d5 41. Nh4 Rgg7 42. exd5+ Kf7 43. c6 Rd8 44. d6 Rgg8 45. d7 Ncb6 46. c7 Rxd7
47. Rxd7+ Nxd7 48. Rxd7+ Ke6 49. Rd8 1-0

[Event "Troy (US Am N/6/16)"]
[Site "?"]
[Date "1995.??.??"]
[Round "?"]
[White "Hartwig, Thomas"]
[Black "Velasquez, A."]
[Result "1/2-1/2"]
[WhiteElo "1605"]
[BlackElo "1750"]
[PlyCount "112"]
[EventDate "1995.??.??"]

{6/(16)} 1. e4 c5 2. Nf3 Nc6 3. d4 cxd4 4. Nxd4 g6 5. c4 Bg7 6. Be3 Nf6 7. Nc3
d6 8. Be2 O-O 9. O-O Nxd4 10. Bxd4 Bd7 11. Rc1 a6 12. Bd3 Bc6 13. Qe2 Nd7 14.
Bxg7 Kxg7 15. Nd5 Ne5 16. f4 Nxd3 17. Qxd3 b5 18. cxb5 Bxb5 19. Qd4+ Kg8 20.
Rf3 Re8 21. f5 Rc8 22. Rxc8 Qxc8 23. f6 Qc1+ 24. Kf2 e5 25. Qe3 Qxe3+ 26. Rxe3
h5 27. Rc3 Bd7 28. Ke3 Kf8 29. b3 Rc8 30. Kd3 Rxc3+ 31. Kxc3 Bc6 32. Kb4 Bxd5
33. exd5 Ke8 34. Kc4 Kd7 35. b4 Kc7 36. a4 a5 37. bxa5 Kb7 38. Kb5 e4 39. Kc4
Ka6 40. Kd4 Kxa5 41. Kxe4 Kxa4 42. Kd3 Kb5 43. Kd4 g5 44. Ke4 Kc5 45. Kf5 Kxd5
46. Kxg5 Ke5 47. Kxh5 d5 48. Kg4 Ke4 49. Kg3 Ke3 50. h4 d4 51. h5 d3 52. h6 d2
53. h7 d1=Q 54. h8=Q Qe1+ 55. Kh2 Kf4 56. Qh3 Kg5 1/2-1/2

[Event "Troy (TCC Res/1/8)"]
[Site "?"]
[Date "1995.??.??"]
[Round "?"]
[White "Hartwig, Thomas"]
[Black "Stemmler, Daniel"]
[Result "1-0"]
[WhiteElo "1605"]
[BlackElo "1690"]
[PlyCount "87"]
[EventDate "1995.??.??"]

{1/(8)} 1. e4 e5 2. Nf3 Nc6 3. Bc4 Be7 4. d4 d6 5. d5 Nb8 6. Nc3 Nf6 7. Be3 Bg4
8. h3 Bd7 9. Qe2 a6 10. a4 O-O 11. O-O Ne8 12. g4 h5 13. Nd2 Bg5 14. f3 Bxe3+
15. Qxe3 Qh4 16. Kg2 Kh7 17. Rf2 Nf6 18. Rh1 c6 19. a5 c5 20. f4 Ne8 21. f5 Bb5
22. Bxb5 axb5 23. g5 b4 24. Ne2 Nf6 25. gxf6 Qxf6 26. Ng3 g6 27. fxg6+ Qxg6 28.
Rf5 Rg8 29. Kh2 h4 30. Rh5+ Kg7 31. Rg5 hxg3+ 32. Kg2 Kf8 33. Rxg6 Rxg6 34. Nc4
Nd7 35. Nb6 Rd8 36. Nxd7+ Rxd7 37. Rf1 Rd8 38. Rf3 Ra8 39. Rxg3 Rxg3+ 40. Kxg3
Rxa5 41. Qg5 Ra2 42. Qd8+ Kg7 43. Qxd6 Rxb2 44. Qxe5+ 1-0